Estrategias para construir la convivencia solidaria en el aula universitaria : (Registro nro. 30787)

Detalles MARC
000 -CABECERA
Longitud fija campo de control 00832nam a2200205 a 4500
003 - • IDENTIFICADOR DELl NÚMERO DE CONTROL
Identificador del número de control CO-ViMGA
008 - • CÓDIGOS DE INFORMACIÓN DE LONGITUD FIJA
Códigos de información de longitud fija 141112s2004 ck r 000 u spa d
040 ## - FUENTE DE LA CATALOGACIÓN
Centro catalogador de origen CO-ViMGA
Lengua de catalogación spa
Centro transcriptor CO-ViMGA
082 04 - • NÚMERO DE LA CLASIFICACIÓN DECIMAL DEWEY
Número de clasificación (R) 378.01 V351e
100 1# - • PUNTO DE ACCESO PRINCIPAL-NOMBRE DE PERSONA
Nombre de persona Velandia Mora, Manuel Antonio
245 10 - • TITULO PROPIAMENTE DICHO
Título Estrategias para construir la convivencia solidaria en el aula universitaria :
Resto del título trabajo en equipo y comunicacion generadora de mundos
300 ## - • DESCRIPCIÓN FÍSICA
Extensión 194
490 ## - • MENCIÓN DE SERIE
Mención de serie Libros de texto
505 ## - • NOTA DE CONTENIDO CON FORMATO
Nota de contenido con formato Modelo de comprensión 15 - 80 - - Metodología 87 - 100 - - Eltrabajo en equipo 101 - 103
590 ## - NOTAS LOCALES
Nota local Forma de adquisición : Donación - - Precio : 13000 - - Fecha de adquisición : 2008
650 14 - • PUNTO DE ACCESO ADICIONAL DE MATERIA - TÉRMINO DE MATERIA
Término de materia o nombre geográfico como elemento inicial UNIVERSIDAD ASPECTOS SOCIALES
942 ## - ENTRADA DE ELEMENTOS AGREGADOS (KOHA)
Fuente de clasificaión o esquema Dewey Decimal Classification
Koha [por defecto] tipo de item LIbro
Existencias
Perdido Fuente de clasificación o esquema Estado Físico No para préstamo Forma de adquisición Localización permanente Localización actual Fecha adquisición Serie de enumeración / cronolog&íacute;a Préstamos totales Signatura completa Código de barras Fecha última consulta Número de copia Fecha del precio de reemplazo Tipo de item de Koha
  Dewey Decimal Classification     Sala General Segundo Piso Biblioteca Pública Germán Arciniegas - Villavicencio Biblioteca Pública Germán Arciniegas - Villavicencio 12/04/2015 Volumen. 1 | 11/jun/2009   378.01 V351e 22481 12/04/2015 Ej. 1 12/04/2015 LIbro









Instituto Departamental de Cultura del Meta - Red Departamental de Bibliotecas Públicas del Meta.